Responses for Show #1021 - Monday, January 30, 1989

Clip from this game was shown in the 1992 film Breaking the Rules.

Contestants

[<< previous game]

Garrett Simpson, a public defender from Glendale, Arizona

Frank Dwyer, a writer and actor originally from New York City, New York

George Roche, a director of voter registration originally from Fleetwood, Pennsylvania (whose 1-day cash winnings total $11,200)

[next game >>]

Jeopardy! Round responses

THE REVOLUTIONARY WAR
BEAUTY QUEENS
BOTTOMS UP
SONGS OF THE '70s
ACTORS ONSTAGE
BY ZEUS
    $100 1
Benjamin Franklin

Frank
    $100 17
Miss Congeniality Award

George
    $100 12
tomato juice

Garrett
    $100 6
Dancing

Garrett
    $100 22
Amadeus

Frank
    $100 7
weather

Garrett
    $500 2
Boston Tea Party

Frank
    $200 18
Mary Ann Mobley

Garrett
    $200 28
Highlands

George
    $200 13
Johnny B. Goode

Garrett
    $200 23
Golda Meir

George
    $200 8
Olympics

George
    $300 3
Tower of London

George
    $300 19
Yvonne De Carlo

Garrett
    $300 29
(Garrett: [unintelligible])

Curacao

Garrett
Triple Stumper
    $300 14
"Paper Roses"

Garrett
    $300 24
(Garrett: What is "Applause"?)

Woman of the Year

Garrett
Triple Stumper
    $300 9
Hera

Frank
    $400 4
(Frank: What were the Sons of Liberty?)
(Garrett: ... [drew a blank] )

MInutemen

GeorgeFrankGarrett
    $400 20
Miss Hungary

Garrett
    $400 30
swizzle

George
    $400 15
Highway

George
    $400 25
Gypsy

George
    $400 10
(Frank: Who are the Olympians?)

Titans

FrankGarrett
    $500 5
Samuel Adams

George
    $500 21
Mary Hart

Garrett
    $500 27
Southern Comfort

Triple Stumper
    $500 16
"Burning Love"

Garrett
    $500 26
(Garrett: What is Kismet?)

Oklahoma!

FrankGarrett
    $500 11
thunderbolt

George

Scores at the first commercial break (after clue 14):

George Frank Garrett
$1,900 $100 $800

Scores at the end of the Jeopardy! Round:

George Frank Garrett
$3,600 $700 $1,600

Double Jeopardy! Round responses

THE WESTERN HEMISPHERE
NOVEL CHARACTERS
COMPOSERS
ROCKS & MINERALS
WORD ORIGINS
"ROBERT"s
    $200 6
Brazil

George
    $200 9
Around the World in 80 Days

Frank
    $200 5
(Richard) Wagner

George
    $200 26
rock hound

Frank
    $200 16
incubator

Frank
    $200 18
Oral Roberts

Garrett
    $400 7
Cascades

Frank
    $400 10
Of Mice and Men

Frank
    $400 4
(Maurice) Ravel

Frank
    $400 27
emery

Frank
    $400 17
effigy

George
    $400 19
Robert McNamara

Frank
    $1,000 8
(Frank: What is Canada?)
...
(Frank: It's because of you.)
(Alex: All right, I'll take the blame.)

United States

Frank
    $600 11
Jude the Obscure

Triple Stumper
    $600 1
(Garrett: Who is Mozart?)

(Johann Sebastian) Bach

FrankGarrett
    $600 28
Rock of Gibraltar

Garrett
    $600 23
martyr

Frank
    $600 20
Oscar Robertson

Garrett
    $800 14
[ERRATUM: The territory is called "Northwest Territories".]

Northwest Territory

George
    $800 12
The Sea-Wolf

Garrett
    $800 2
Stravinsky

Frank
    $4,000 29
alabaster

Garrett
    $800 24
(Garrett: What is the Colosseum?)

hippodrome

Garrett
Triple Stumper
    $800 21
Robert Oppenheimer

Garrett
    $1000 15
the Grand Cayman Islands

Garrett
    $1000 13
Dracula

Frank
    $1000 3
(Charles) Gounod

Frank
    $1000 30
South Africa

George
    $1000 25
natatorium

Garrett
    $1000 22
Robert Benchley

Frank

Scores at the end of the Double Jeopardy! Round:

George Frank Garrett
$6,200 $7,300 $9,200

[wagering suggestions for these scores]

Final Jeopardy! Round responses

ISLANDS
GeorgeWhat are the Phillipines?
$6,200
FrankWhat are the Carolines
$5,100
GarrettWhat are the Phillipines?
$9,100
Philippines

Final scores:

George Frank Garrett
$12,400 $2,200 $18,300
2nd place: a trip to Fort Myers, Florida 3rd place: Krementz jewelry New champion: $18,300

Game dynamics:

Coryat scores:

George Frank Garrett
$6,200 $8,000 $6,000
16 R,
0 W
19 R
(including 1 DD),
3 W
(including 1 DD)
19 R
(including 1 DD),
6 W

Combined Coryat: $20,200

[game clues] [game scores] [suggest correction]

Game tape date: 1988-11-01
The J! Archive is created by fans, for fans. Scraping, republication, monetization, and malicious use prohibited; this site may use cookies and collect identifying information. See terms. The Jeopardy! game show and all elements thereof, including but not limited to copyright and trademark thereto, are the property of Jeopardy Productions, Inc. and are protected under law. This website is not affiliated with, sponsored by, or operated by Jeopardy Productions, Inc. Join the discussion at JBoard.tv.